PRESENTING & MANGING DATA EFFCTIVELY USING OFFICE EXCAL 2007 (Record no. 7382)

MARC details
000 -LEADER
fixed length control field 00329nam a2200133Ia 4500
008 - FIXED-LENGTH DATA ELEMENTS--GENERAL INFORMATION
fixed length control field 150301s2015 xx 000 0 und d
082 ## - DEWEY DECIMAL CLASSIFICATION NUMBER
Classification number 629.895
Item number P07N
100 ## - MAIN ENTRY--PERSONAL NAME
Personal name NIIT
245 ## - TITLE STATEMENT
Title PRESENTING & MANGING DATA EFFCTIVELY USING OFFICE EXCAL 2007
260 ## - PUBLICATION, DISTRIBUTION, ETC. (IMPRINT)
Name of publisher, distributor, etc. NIIT
300 ## - PHYSICAL DESCRIPTION
Extent 396
650 ## - SUBJECT ADDED ENTRY--TOPICAL TERM
Topical term or geographic name as entry element PHARMACEUTICS
942 ## - ADDED ENTRY ELEMENTS (KOHA)
Source of classification or shelving scheme Dewey Decimal Classification
Koha item type Books
Holdings
Withdrawn status Lost status Source of classification or shelving scheme Damaged status Not for loan Collection code Home library Current library Shelving location Date acquired Source of acquisition SGTU Full call number Barcode Date last seen Bill Date Koha item type
    Dewey Decimal Classification     PHARMACY SGT FA-FP Library SGT FA-FP Library Reference Book 02/07/2015 ABC-DELHI SGTU 629.895 P07N FP1441 02/07/2015 02/07/2015 Books